000
00285nam a22001337a 4500
008
260220b ||||| |||| 00| 0 eng d
020
_a
9951050204
041
_a
eng
080
_a
20.1
100
_a
20.1
101
_a
poezi
245
_a
Testamenti
_c
Fransua Vijon
942
_2
udc
_c
BK
999
_c
60833
_d
60833